Maiores desertos do mundo - Statistics

Estatísticas Gerais
  • Esse quiz foi jogado 68 vezes
  • A pontuação média é 3 de 10
Estatísticas das Respostas
Área Resposta % Correto
9.000.000km² Saara
98%
14.000.000km² Antártica
64%
1.300.000km² Gobi
53%
13.900.000km² Ártico
20%
670.000km² Patagônia
16%
647.000km² Vitória
11%
900.000km² Calaári
9%
2.330.000km² Árabe
7%
492.000km² Grande Bacia
7%
520.000km² Sírio
4%
Nenhum quiz correspondente encontrado
Distribuição das Pontuações
Porcentagem de Pessoas com Cada Pontuação
Percentil de Números Respondidos
Sua Pontuação Histórica
Você não jogou esse quiz